Poesie varie / (Record no. 183410)
[ view plain ]
| 000 -LEADER | |
|---|---|
| campo de control de longitud fija | 00656nam a2200205 i 4500 |
| 001 - NÚMERO DE CONTROL | |
| campo de control | 183410 |
| 003 - IDENTIFICADOR DE NÚMERO DE CONTROL | |
| campo de control | ES-MaACL |
| 005 - FECHA Y HORA DE LA ÚLTIMA TRANSACCIÓN | |
| campo de control | 20251122063142.0 |
| 008 - DATOS DE LONGITUD FIJA--INFORMACIÓN GENERAL | |
| campo de control de longitud fija | 140416s1913 it | |||| ||ita d |
| 080 ## - NÚMERO DE LA CLASIFICACIÓN DECIMAL UNIVERSAL | |
| Número de la Clasificación Decimal Universal | 821.133.1-1"16" |
| 100 1# - ENTRADA PRINCIPAL--NOMBRE DE PERSONA | |
| Nombre de persona | Marino, Giambattista, |
| Fechas asociadas al nombre | 1569-1625 |
| 9 (RLIN) | 129502 |
| 245 10 - MENCIÓN DEL TÍTULO | |
| Título | Poesie varie / |
| Mención de responsabilidad, etc. | Giambattista Marino ; a cura di Benedetto Croce. |
| 260 ## - PUBLICACIÓN, DISTRIBUCIÓN, ETC. | |
| Lugar de publicación, distribución, etc. | Bari : |
| Nombre del editor, distribuidor, etc. | Gius. Laterza & Figli, |
| Fecha de publicación, distribución, etc. | 1913. |
| 300 ## - DESCRIPCIÓN FÍSICA | |
| Extensión | 429 p. ; |
| Dimensiones | 22 cm. |
| 490 1# - MENCIÓN DE SERIE | |
| Mención de serie | Scrittori d'Italia ; |
| Designación de volumen o secuencia | 51 |
| 700 1# - ENTRADA AGREGADA--NOMBRE PERSONAL | |
| Nombre de persona | Croce, Benedetto, |
| Fechas asociadas al nombre | 1866-1952 |
| 9 (RLIN) | 241508 |
| 830 00 - PUNTO DE ACCESO ADICIONAL DE SERIE-TÍTULO UNIFORME | |
| Título uniforme | Scrittori d'Italia |
| Designación de volumen o secuencia | 51 |
| 9 (RLIN) | 191925 |
| 852 ## - LOCALIZACIÓN | |
| Ubicación | ES-MaACL |
| Número de control de estantería | G-3752 |
| Estatus retirado | Estado de pérdida | Estado de daño | No para préstamo | Biblioteca de origen | Biblioteca actual | Ubicación en estantería | Fecha de adquisición | Fuente de adquisición | Total de préstamos | Signatura topográfica completa | Código de barras | Visto por última vez | Precio de reemplazo | Tipo de ítem Koha |
|---|---|---|---|---|---|---|---|---|---|---|---|---|---|---|
| Biblioteca del Ateneo de Madrid | Biblioteca del Ateneo de Madrid | Depósito 2 | 16/04/2014 | G-3752 | 1192779 | 23/02/2023 | 23/02/2023 | Libro impreso |
